[Event "Kimry Rating op 68th"]
[Site "Kimry"]
[Date "2014.01.02"]
[Round "1"]
[White "Danilov, Alexander"]
[Black "Apryshko, Gleb"]
[Result "0-1"]
[WhiteElo "1767"]
[BlackElo "2310"]
[PlyCount "30"]
[EventDate "2014.01.02"]
[EventType "swiss"]
[EventRounds "9"]
[EventCountry "RUS"]
[SourceTitle "CBM 158 Extra"]
[Source "ChessBase"]
[SourceDate "2014.02.28"]
[SourceVersion "1"]
[SourceVersionDate "2014.02.28"]
[SourceQuality "1"]

1. c4 d6 2. Nc3 g6 3. d4 e5 4. Nf3 Bg7 5. e3 Nd7 6. Bd3 Ngf6 7. 0-0 0-0 8. b3 Re8 9. Bb2 e4 10. Bc2 exf3 11. Qxf3 Nf8 12. h3 Ne6 13. Rad1 Ng5 14. Qf4 h6 15. g4 Nxh3+ 0-1

[Event "Kimry Summer op"]
[Site "Kimry"]
[Date "2011.06.11"]
[Round "7"]
[White "Pavlova, Kseniia"]
[Black "Danilov, Alexander"]
[Result "1-0"]
[WhiteElo "1922"]
[BlackElo "1798"]
[PlyCount "57"]
[EventDate "2011.06.08"]
[EventType "tourn"]
[EventRounds "7"]
[EventCountry "RUS"]
[SourceTitle "CBM 142 Extra"]
[Source "ChessBase"]
[SourceDate "2011.06.27"]
[SourceVersion "1"]
[SourceVersionDate "2011.06.27"]
[SourceQuality "1"]

1. d4 f5 2. Bg5 d5 3. e3 Nd7 4. Bd3 Ndf6 5. Nf3 h6 6. Bh4 g5 7. Bg3 Bg7 8. Ne5 c6 9. c4 h5 10. h4 g4 11. cxd5 Qxd5 12. f3 e6 13. Bc4 Qa5+ 14. Nc3 Ne7 15. Qb3 Nfd5 16. 0-0-0 Nxe3 17. Rde1 Nxc4 18. Nxc4 Qd8 19. Nd6+ Kf8 20. Nxc8 Qxc8 21. Rxe6 Nd5 22. Rhe1 Bh6+ 23. Kb1 Qd7 24. Bd6+ Kg8 25. Nxd5 cxd5 26. Qxd5 Qf7 27. Re8+ Bf8 28. Qxf7+ Kxf7 29. Rxa8 1-0

[Event "Kimry Summer op"]
[Site "Kimry"]
[Date "2011.06.10"]
[Round "5"]
[White "Atamyradova, Zheren"]
[Black "Danilov, Alexander"]
[Result "0-1"]
[WhiteElo "1565"]
[BlackElo "1798"]
[PlyCount "58"]
[EventDate "2011.06.08"]
[EventType "tourn"]
[EventRounds "7"]
[EventCountry "RUS"]
[SourceTitle "CBM 142 Extra"]
[Source "ChessBase"]
[SourceDate "2011.06.27"]
[SourceVersion "1"]
[SourceVersionDate "2011.06.27"]
[SourceQuality "1"]

1. d4 e6 2. c4 f5 3. Nc3 Nf6 4. Nf3 Be7 5. Bf4 0-0 6. e3 d5 7. Bd3 Nbd7 8. 0-0 c6 9. c5 Nh5 10. Re1 Nxf4 11. exf4 Nf6 12. Ne5 Ne4 13. Qc2 Bh4 14. g3 Be7 15. b4 g5 16. Ne2 Qe8 17. Qd1 Qh5 18. fxg5 Bxg5 19. Nf4 Qh6 20. Qf3 Bf6 21. Qh5 Qg7 22. Nf3 Bd7 23. a3 a6 24. Rab1 Rae8 25. a4 Re7 26. Bxe4 fxe4 27. Ne5 Be8 28. Qe2 Bxe5 29. dxe5 Rxf4 0-1

[Event "Kimry Summer op"]
[Site "Kimry"]
[Date "2011.06.08"]
[Round "2"]
[White "Danilov, Alexander"]
[Black "Sadovaya, Anastasia"]
[Result "1-0"]
[WhiteElo "1798"]
[BlackElo "1448"]
[PlyCount "131"]
[EventDate "2011.06.08"]
[EventType "tourn"]
[EventRounds "7"]
[EventCountry "RUS"]
[SourceTitle "CBM 142 Extra"]
[Source "ChessBase"]
[SourceDate "2011.06.27"]
[SourceVersion "1"]
[SourceVersionDate "2011.06.27"]
[SourceQuality "1"]

1. c4 e6 2. d4 d5 3. e3 Nf6 4. Nc3 Be7 5. Nf3 0-0 6. Qc2 Nbd7 7. Bd3 b6 8. e4 dxc4 9. Bxc4 Bb7 10. Bf4 c5 11. 0-0-0 cxd4 12. Rxd4 Bc5 13. Rd2 Rc8 14. Bb5 Bc6 15. Ba6 Ra8 16. Rhd1 Qe7 17. Nb5 Nb8 18. Qa4 Nxa6 19. Qxa6 Bxb5 20. Qxb5 Nxe4 21. Rd7 Qf6 22. Be5 Qh6+ 23. Kb1 Qg6 24. Ka1 Nxf2 25. Rf1 Rfd8 26. Bg3 Ne4 27. Ne5 Qh5 28. Bf4 Rxd7 29. Qxd7 Nd6 30. g4 Qh3 31. Rd1 h6 32. a3 Qh4 33. Rxd6 Bxd6 34. Qxd6 Qd8 35. Qb4 Rc8 36. Qe4 Qd1+ 37. Ka2 Qd5+ 38. Qxd5 exd5 39. Kb3 f6 40. Nd3 Rc4 41. h3 a5 42. Be3 a4+ 43. Ka2 Re4 44. Bxb6 d4 45. b4 Re3 46. Nb2 Re4 47. Nxa4 d3 48. Nc3 d2 49. Kb3 Re6 50. Bc5 Re8 51. Kc2 Rd8 52. a4 g6 53. Be3 h5 54. a5 hxg4 55. hxg4 Ra8 56. Kxd2 Kf7 57. Kd3 Ke6 58. Kd4 Rd8+ 59. Ke4 f5+ 60. gxf5+ gxf5+ 61. Kf4 Rc8 62. Nb5 Rc4+ 63. Nd4+ Kf6 64. b5 Ra4 65. b6 Rxa5 66. b7 1-0

[Event "Kimry Spring op"]
[Site "Kimry"]
[Date "2011.05.01"]
[Round "6"]
[White "Danilov, Alexander"]
[Black "Makhnev, Yuri"]
[Result "0-1"]
[WhiteElo "1798"]
[BlackElo "1879"]
[PlyCount "88"]
[EventDate "2011.04.29"]
[EventType "swiss"]
[EventRounds "8"]
[EventCountry "RUS"]
[SourceTitle "CBM 142 Extra"]
[Source "ChessBase"]
[SourceDate "2011.06.27"]
[SourceVersion "1"]
[SourceVersionDate "2011.06.27"]
[SourceQuality "1"]

1. d4 Nf6 2. c4 e6 3. Nc3 Bb4 4. e3 0-0 5. Nf3 Bxc3+ 6. bxc3 c5 7. Bd3 Nc6 8. 0-0 b6 9. Qc2 Bb7 10. e4 e5 11. d5 Na5 12. Nxe5 d6 13. Nf3 Ba6 14. Nd2 Ng4 15. h3 Ne5 16. f4 Nxd3 17. Qxd3 Qh4 18. Bb2 g5 19. fxg5 Rae8 20. Rae1 Kh8 21. Rf5 Qxe1+ 22. Kh2 Qd1 23. Rf1 Qh5 24. Rf5 Re5 25. g4 Qg6 26. h4 Rxf5 27. exf5 Qg7 28. Nf3 f6 29. Bc1 Re8 30. Kg3 Bxc4 31. Qc2 Re2 32. Qd1 fxg5 33. Bd2 gxh4+ 34. Kxh4 h5 35. g5 Re4+ 36. Kh3 Be2 37. Qh1 Qd7 38. Nh4 Rxh4+ 39. Kxh4 Qxf5 40. Qg2 Qg4+ 41. Qxg4 Bxg4 42. Bf4 Nb7 43. a4 Kh7 44. Kg3 Bd7 0-1

[Event "Kimry 56 Rtng winter"]
[Site "Kimry"]
[Date "2011.01.24"]
[Round "7.5"]
[White "Danilov, Alexander"]
[Black "Chernyaev, Vladimir"]
[Result "0-1"]
[WhiteElo "1874"]
[BlackElo "1742"]
[PlyCount "94"]
[EventDate "2011.01.21"]
[EventType "swiss"]
[EventRounds "8"]
[EventCountry "RUS"]
[SourceTitle "EXT 2022"]
[Source "ChessBase"]
[SourceDate "2021.10.06"]
[SourceVersion "1"]
[SourceVersionDate "2021.10.06"]
[SourceQuality "1"]

1. e4 c5 2. c3 Nf6 3. e5 Nd5 4. d4 cxd4 5. Nf3 Nc6 6. cxd4 d6 7. Nc3 dxe5 8. dxe5 Be6 9. Bc4 Ndb4 10. Bxe6 Qxd1+ 11. Kxd1 Rd8+ 12. Ke2 fxe6 13. Bd2 g6 14. Rad1 Bg7 15. Bf4 0-0 16. Rxd8 Rxd8 17. Re1 Nd3 18. Bg3 Nxe1 19. Kxe1 h6 20. a3 Na5 21. Nd2 a6 22. Ke2 Nc6 23. f4 g5 24. fxg5 Nd4+ 25. Kf2 hxg5 26. Nf3 Rf8 27. Ke3 Nf5+ 28. Kd3 Bh6 29. Bf2 g4 30. Nd4 Nxd4 31. Bxd4 Rf1 32. Ne2 Rh1 33. Bg1 Bf4 34. g3 Bxe5 35. b3 Kf7 36. Ke3 Bc7 37. Kf2 Bb6+ 38. Kg2 Rxg1+ 39. Nxg1 Bxg1 40. Kxg1 Kg6 41. Kf2 Kf5 42. Ke3 e5 43. b4 b5 44. Kd3 e4+ 45. Kd4 e6 46. Kc3 Ke5 47. Kd2 Kd4 0-1

[Event "Kimry 56 Rtng winter"]
[Site "Kimry"]
[Date "2011.01.22"]
[Round "3.4"]
[White "Danilov, Alexander"]
[Black "Bik Mukhamedov, Mikhail"]
[Result "0-1"]
[WhiteElo "1874"]
[BlackElo "1866"]
[PlyCount "46"]
[EventDate "2011.01.21"]
[EventType "swiss"]
[EventRounds "8"]
[EventCountry "RUS"]
[SourceTitle "EXT 2022"]
[Source "ChessBase"]
[SourceDate "2021.10.06"]
[SourceVersion "1"]
[SourceVersionDate "2021.10.06"]
[SourceQuality "1"]

1. e4 e5 2. Nf3 Nc6 3. d4 exd4 4. Nxd4 Qf6 5. Nxc6 Bc5 6. f4 Qxc6 7. Qf3 Nf6 8. Bd3 d6 9. h3 Bd7 10. Nd2 0-0-0 11. b3 Bd4 12. Rb1 Rde8 13. Kd1 Re7 14. b4 Qa4 15. a3 a6 16. Nc4 Bc6 17. Re1 Rhe8 18. Na5 Bxe4 19. Bxe4 Nxe4 20. Bd2 Nf2+ 21. Kc1 Rxe1+ 22. Bxe1 Rxe1+ 23. Kd2 Rxb1 0-1

[Event "Kimry op Jan"]
[Site "Kimry"]
[Date "2011.01.07"]
[Round "9"]
[White "Danilov, Alexander"]
[Black "Malkov, Gleb"]
[Result "1-0"]
[WhiteElo "1874"]
[BlackElo "1658"]
[PlyCount "153"]
[EventDate "2011.01.02"]
[EventType "swiss"]
[EventRounds "9"]
[EventCountry "RUS"]
[SourceTitle "CBM 140 Extra"]
[Source "ChessBase"]
[SourceDate "2011.03.01"]
[SourceVersion "1"]
[SourceVersionDate "2011.03.01"]
[SourceQuality "1"]

1. e4 c5 2. Nf3 Nc6 3. d4 cxd4 4. Nxd4 d6 5. Nc3 Nf6 6. Be3 e6 7. f4 e5 8. Nxc6 bxc6 9. fxe5 dxe5 10. Qxd8+ Kxd8 11. 0-0-0+ Ke8 12. h3 Bb7 13. Bc4 c5 14. Nd5 Bxd5 15. Bxd5 Rc8 16. Rhf1 Nxd5 17. exd5 Bd6 18. g4 Ke7 19. h4 h6 20. Rd3 c4 21. Rd2 c3 22. Rd3 cxb2+ 23. Kb1 Bc5 24. Bxc5+ Rxc5 25. Rb3 Rxd5 26. Rb7+ Rd7 27. Rxf7+ Kxf7 28. Rxd7+ Kf6 29. Rxa7 e4 30. Ra3 g5 31. h5 Ke5 32. Kxb2 Kf4 33. Kc3 e3 34. Ra6 Re8 35. Rf6+ Kxg4 36. Rf1 Kxh5 37. a4 Kg4 38. Kd3 h5 39. Ke2 h4 40. Rg1+ Kf4 41. Rf1+ Kg3 42. Rg1+ Kf4 43. Rf1+ Ke4 44. Rf3 Rh8 45. Rxe3+ Kf4 46. Rf3+ Kg4 47. Kf2 h3 48. Rg3+ Kf4 49. Rf3+ Ke4 50. Re3+ Kf5 51. Rf3+ Kg6 52. Kg1 g4 53. Rg3 Kg5 54. Kh2 Rf8 55. Rc3 Kh4 56. Rc4 Kg5 57. Rc5+ Kf4 58. Rc4+ Kf3 59. Rc3+ Kf2 60. Rg3 Rg8 61. a5 Ke2 62. a6 Rg7 63. c3 Kd2 64. c4 Ke2 65. c5 Kf2 66. c6 Rc7 67. Rxg4 Rxc6 68. Ra4 Rc8 69. Kxh3 Ke2 70. Kg4 Kd3 71. Kf4 Kc3 72. a7 Ra8 73. Ke5 Kb3 74. Ra1 Kb4 75. Kd6 Kb5 76. Kc7 Rxa7+ 77. Rxa7 1-0

[Event "Kimry op Jan"]
[Site "Kimry"]
[Date "2011.01.05"]
[Round "7"]
[White "Danilov, Alexander"]
[Black "Chernyaev, Vladimir"]
[Result "0-1"]
[WhiteElo "1874"]
[BlackElo "1742"]
[PlyCount "74"]
[EventDate "2011.01.02"]
[EventType "swiss"]
[EventRounds "9"]
[EventCountry "RUS"]
[SourceTitle "CBM 140 Extra"]
[Source "ChessBase"]
[SourceDate "2011.03.01"]
[SourceVersion "1"]
[SourceVersionDate "2011.03.01"]
[SourceQuality "1"]

1. c4 Nf6 2. d4 e6 3. Nc3 d5 4. Bg5 Nbd7 5. Nf3 Be7 6. e3 0-0 7. Bd3 h6 8. Bh4 dxc4 9. Bxc4 c5 10. 0-0 Nb6 11. Bb3 g5 12. Bg3 Nfd5 13. dxc5 Bxc5 14. Ne4 Be7 15. Qe2 f5 16. Nc3 f4 17. Nxd5 Nxd5 18. exf4 gxf4 19. Rfe1 fxg3 20. fxg3 Qb6+ 21. Kh1 Bb4 22. Red1 Ne3 23. Rd3 Bc5 24. Rc1 Ng4 25. Nd4 Bxd4 26. Qxg4+ Bg7 27. Rcd1 Kh8 28. Rd6 Qxd6 29. h3 Qb6 30. Bc2 e5 31. Qe2 Qf2 32. Qc4 Bxh3 33. Be4 Rac8 34. Qb3 Bxg2+ 35. Bxg2 Rc2 36. Qxb7 Rxb2 37. Qd7 Qxg2# 0-1

[Event "Kimry Autumn"]
[Site "Kimry"]
[Date "2010.09.01"]
[Round "7"]
[White "Danilov, Alexander"]
[Black "Loev, Dmitrii"]
[Result "1-0"]
[WhiteElo "1862"]
[BlackElo "1553"]
[PlyCount "163"]
[EventDate "2010.08.29"]
[EventType "swiss"]
[EventRounds "7"]
[EventCountry "RUS"]
[SourceTitle "EXT 2022"]
[Source "ChessBase"]
[SourceDate "2021.10.06"]
[SourceVersion "1"]
[SourceVersionDate "2021.10.06"]
[SourceQuality "1"]

1. d4 g6 2. f4 d5 3. Be3 Bg7 4. Nf3 Nc6 5. Bf2 Bf5 6. a3 Nf6 7. e3 Ne4 8. Nbd2 Nxf2 9. Kxf2 e6 10. c4 h6 11. Rc1 Ne7 12. b4 c6 13. h3 a6 14. g4 Be4 15. Nxe4 dxe4 16. Nd2 f5 17. Nb3 Nc8 18. Rg1 Qh4+ 19. Ke2 Nb6 20. g5 Qh5+ 21. Kd2 Qxd1+ 22. Rxd1 h5 23. Nc5 Kf7 24. Nxb7 Rab8 25. Nc5 Ra8 26. Be2 Rhd8 27. Kc3 Bf8 28. Nb3 Na4+ 29. Kc2 Be7 30. Na5 Rdc8 31. Kb3 Nb6 32. Rc1 Ra7 33. Rc2 Rac7 34. Rgc1 Kf8 35. Kc3 Na4+ 36. Kd2 Nb6 37. c5 Nd5 38. Bxa6 Rb8 39. Rb1 Ra7 40. Nxc6 Rxa6 41. Nxb8 Rxa3 42. c6 Rd3+ 43. Kc1 Nc3 44. c7 Rd1+ 45. Kb2 Na4+ 46. Ka2 Rxb1 47. Kxb1 Nb6 48. c8Q+ Nxc8 49. Rxc8+ Kf7 50. Rc4 Bd6 51. Nc6 Ke8 52. Na7 Kd7 53. Rc8 Bxb4 54. Nb5 Kxc8 55. Kc1 Kb7 56. Kc2 Kb6 57. Nc3 Kc6 58. Kb3 Ba5 59. Kc4 Bb6 60. Kb4 Bd8 61. Na4 Kd5 62. Nc5 Bc7 63. Nd7 Bxf4 64. Nf6+ Kd6 65. exf4 e3 66. Kc3 e2 67. Kd2 e1Q+ 68. Kxe1 Kc6 69. Ke2 Kb5 70. Kd3 Kb4 71. Nd7 Kb5 72. Ne5 Kb6 73. Nxg6 Kc6 74. Kc4 Kd7 75. Kc5 Ke8 76. Kd6 Kf7 77. Ne5+ Ke8 78. Kxe6 h4 79. d5 Kf8 80. Ng6+ Ke8 81. Nxh4 Kf8 82. Nxf5 1-0

[Event "Kimry Autumn"]
[Site "Kimry"]
[Date "2010.08.31"]
[Round "5"]
[White "Danilov, Alexander"]
[Black "Efimov, Andrey"]
[Result "1/2-1/2"]
[WhiteElo "1862"]
[BlackElo "2087"]
[PlyCount "81"]
[EventDate "2010.08.29"]
[EventType "swiss"]
[EventRounds "7"]
[EventCountry "RUS"]
[SourceTitle "EXT 2022"]
[Source "ChessBase"]
[SourceDate "2021.10.06"]
[SourceVersion "1"]
[SourceVersionDate "2021.10.06"]
[SourceQuality "1"]

1. d4 Nf6 2. c4 d5 3. e3 Nc6 4. Nc3 Bf5 5. Nf3 e6 6. a3 Be7 7. cxd5 Nxd5 8. Bc4 Nb6 9. Ba2 0-0 10. e4 Bg4 11. Be3 Bxf3 12. gxf3 Bg5 13. Ke2 Bxe3 14. fxe3 Ne7 15. h4 Rc8 16. Qc2 c5 17. Rad1 cxd4 18. exd4 Ng6 19. Ke3 Nc4+ 20. Bxc4 Rxc4 21. Qf2 Qb6 22. h5 Ne7 23. Rd2 e5 24. Kd3 Rxd4+ 25. Kc2 Rc8 26. Rhd1 Nc6 27. Kb1 Rxd2 28. Qxd2 Nd4 29. Nd5 Qc5 30. b4 Qd6 31. Rc1 Rxc1+ 32. Qxc1 h6 33. Qc8+ Kh7 34. Qxb7 a5 35. Qxf7 axb4 36. Ne7 Qb8 37. a4 Qd8 38. Ng6 Ne6 39. Qxe6 Qd1+ 40. Kb2 Qd2+ 41. Kb1 1/2-1/2

[Event "Kimry Autumn"]
[Site "Kimry"]
[Date "2010.08.31"]
[Round "6"]
[White "Kudrin, Vladimir1"]
[Black "Danilov, Alexander"]
[Result "1-0"]
[WhiteElo "1977"]
[BlackElo "1862"]
[PlyCount "110"]
[EventDate "2010.08.29"]
[EventType "swiss"]
[EventRounds "7"]
[EventCountry "RUS"]
[SourceTitle "EXT 2022"]
[Source "ChessBase"]
[SourceDate "2021.10.06"]
[SourceVersion "1"]
[SourceVersionDate "2021.10.06"]
[SourceQuality "1"]

1. Nf3 d5 2. d4 Nf6 3. b3 c6 4. g3 Bg4 5. Bg2 Nbd7 6. 0-0 e6 7. h3 Bh5 8. Bg5 Bd6 9. Nbd2 Qc7 10. c4 0-0-0 11. c5 Be7 12. b4 a6 13. Bf4 e5 14. Nxe5 Nxe5 15. Bxe5 Qd7 16. f3 Ne8 17. g4 Bg6 18. a4 h5 19. b5 cxb5 20. Qb3 f6 21. Bf4 Nc7 22. Rfc1 Ne6 23. Be3 f5 24. gxf5 Bxf5 25. axb5 Qxb5 26. Qxb5 axb5 27. Bf2 Bf6 28. e3 Kc7 29. Ra5 Bd3 30. Ra3 Be2 31. Bg3+ Kc6 32. Kf2 h4 33. Bh2 Bc4 34. Nxc4 bxc4 35. Rb1 Nxd4 36. Rb6+ Kd7 37. Rxb7+ Ke6 38. Ra6+ Kf5 39. c6 Ne6 40. c7 Rc8 41. e4+ Kg5 42. Rxe6 d4 43. f4+ Kg6 44. f5+ Kf7 45. Rb8 Bg5 46. Rxc8 Rxc8 47. Bf3 d3 48. Bh5+ Kg8 49. Rc6 Bd2 50. Rxc4 Ba5 51. Be5 Kh7 52. Ke3 Kh6 53. Bg6 d2 54. Ke2 Bxc7 55. Rxc7 Rd8 1-0

[Event "Kimry Autumn"]
[Site "Kimry"]
[Date "2010.08.30"]
[Round "4"]
[White "Markov, Mikhail1"]
[Black "Danilov, Alexander"]
[Result "0-1"]
[WhiteElo "1846"]
[BlackElo "1862"]
[PlyCount "88"]
[EventDate "2010.08.29"]
[EventType "swiss"]
[EventRounds "7"]
[EventCountry "RUS"]
[SourceTitle "EXT 2022"]
[Source "ChessBase"]
[SourceDate "2021.10.06"]
[SourceVersion "1"]
[SourceVersionDate "2021.10.06"]
[SourceQuality "1"]

1. d4 d5 2. c3 Nf6 3. e3 Nc6 4. Bd3 e5 5. dxe5 Nxe5 6. Nf3 Bd6 7. Nxe5 Bxe5 8. 0-0 Be6 9. Nd2 Ng4 10. Nf3 Qd6 11. h3 Nf6 12. Nxe5 Qxe5 13. Qf3 0-0-0 14. Qg3 Qxg3 15. fxg3 Ne4 16. Kh2 g5 17. c4 Nc5 18. cxd5 Rxd5 19. Bc4 Rf5 20. Bxe6+ fxe6 21. Rxf5 exf5 22. b3 Rd8 23. Bb2 Rd2 24. Bf6 Ne4 25. Be5 Re2 26. Rf1 Rf2 27. Rxf2 Nxf2 28. Kg1 Nd3 29. Bf6 g4 30. hxg4 fxg4 31. a3 a5 32. Bc3 b6 33. Kf1 Nc5 34. b4 axb4 35. axb4 Ne4 36. Be1 Kd7 37. Ke2 Kd6 38. Kd3 Kd5 39. Bd2 Nxd2 40. Kxd2 Kc4 41. Ke2 Kxb4 42. e4 Kc5 43. Ke3 Kd6 44. Kd4 b5 0-1

[Event "Kimry op 52nd"]
[Site "Kimry"]
[Date "2010.06.13"]
[Round "7"]
[White "Danilov, Alexander"]
[Black "Popelyshev, Igor Viktorovich"]
[Result "0-1"]
[WhiteElo "1886"]
[BlackElo "2118"]
[PlyCount "39"]
[EventDate "2010.06.10"]
[EventType "swiss"]
[EventRounds "7"]
[EventCountry "RUS"]
[SourceTitle "CBM 136 Extra"]
[Source "ChessBase"]
[SourceDate "2010.07.02"]
[SourceVersion "2"]
[SourceVersionDate "2010.07.15"]
[SourceQuality "1"]

1. e4 d5 2. Nc3 dxe4 3. Nxe4 Bf5 4. Ng5 Bg6 5. N1f3 Nc6 6. Bb5 Qd5 7. Be2 e5 8. 0-0 e4 9. Nh4 0-0-0 10. Bg4+ Kb8 11. f3 Bc5+ 12. Kh1 Nf6 13. fxe4 Qxg5 14. Nxg6 Nxg4 15. Rf5 Qxg6 16. Qf1 Bd6 17. d3 Bg3 18. hxg3 Nd4 19. Bd2 Nxf5 20. Qxf5 0-1

[Event "Kimry op 52nd"]
[Site "Kimry"]
[Date "2010.06.11"]
[Round "3"]
[White "Kobozeva, Viktoria"]
[Black "Danilov, Alexander"]
[Result "0-1"]
[WhiteElo "1618"]
[BlackElo "1886"]
[PlyCount "94"]
[EventDate "2010.06.10"]
[EventType "swiss"]
[EventRounds "7"]
[EventCountry "RUS"]
[SourceTitle "CBM 136 Extra"]
[Source "ChessBase"]
[SourceDate "2010.07.02"]
[SourceVersion "2"]
[SourceVersionDate "2010.07.15"]
[SourceQuality "1"]

1. e4 e5 2. Nf3 Nc6 3. Bb5 a6 4. Ba4 b5 5. Bb3 Nf6 6. d3 d6 7. c3 Be7 8. 0-0 d5 9. exd5 Nxd5 10. d4 e4 11. Bxd5 Qxd5 12. Nfd2 Bb7 13. Qb3 Qf5 14. Qc2 0-0-0 15. Re1 Nxd4 16. cxd4 Rxd4 17. Nc3 Rhd8 18. Nb3 Rd3 19. Be3 c5 20. Nc1 Qg6 21. g3 Qd6 22. Qe2 b4 23. Nxd3 exd3 24. Qg4+ Rd7 25. Qe4 Qf6 26. Nd5 Bxd5 27. Qf4 c4 28. Qxf6 Bxf6 29. Rab1 Kb7 30. Bd2 a5 31. a3 bxa3 32. bxa3+ Ka6 33. Rbc1 Rb7 34. Bc3 Be7 35. a4 f6 36. Kf1 Bd6 37. Re8 Rd7 38. Ree1 Bc6 39. Ra1 Bb4 40. Bxb4 axb4 41. Re6 Kb7 42. Rd1 Bxa4 43. Ra1 d2 44. Re4 Bb5 45. Kg1 d1Q+ 46. Rxd1 Rxd1+ 47. Kg2 Bc6 0-1

[Event "Kimry op 51st"]
[Site "Kimry"]
[Date "2010.04.20"]
[Round "8"]
[White "Danilov, Alexander"]
[Black "Markov, Mikhail"]
[Result "0-1"]
[WhiteElo "1886"]
[BlackElo "1853"]
[PlyCount "68"]
[EventDate "2010.04.17"]
[EventType "swiss"]
[EventRounds "8"]
[EventCountry "RUS"]
[SourceTitle "CBM 136 Extra"]
[Source "ChessBase"]
[SourceDate "2010.07.02"]
[SourceVersion "2"]
[SourceVersionDate "2010.07.15"]
[SourceQuality "1"]

1. c4 e5 2. Nc3 Nc6 3. e3 Bb4 4. Nge2 Nf6 5. a3 Be7 6. d4 exd4 7. exd4 d6 8. g3 Bg4 9. Bg2 Rb8 10. 0-0 Qd7 11. f3 Bh3 12. Nf4 Bxg2 13. Kxg2 0-0 14. Qc2 Nxd4 15. Qd1 Ne6 16. Nfd5 c6 17. Nxe7+ Qxe7 18. Re1 h6 19. f4 Qd7 20. b3 Rfe8 21. Bb2 Nc5 22. Qc2 Re7 23. b4 Ne6 24. Rad1 Rbe8 25. Qf5 Nxf4+ 26. Qxf4 Rxe1 27. Rxd6 Qc7 28. c5 Ne4 29. Qg4 Nxd6 30. Nd5 R1e2+ 31. Kh3 Qc8 32. Nf6+ Kh8 33. Nd7 Rxb2 34. cxd6 Rd8 0-1

[Event "Kimry op 51st"]
[Site "Kimry"]
[Date "2010.04.17"]
[Round "2"]
[White "Danilov, Alexander"]
[Black "Jarulin, Rufat"]
[Result "0-1"]
[WhiteElo "1886"]
[BlackElo "2063"]
[PlyCount "66"]
[EventDate "2010.04.17"]
[EventType "swiss"]
[EventRounds "8"]
[EventCountry "RUS"]
[SourceTitle "CBM 136 Extra"]
[Source "ChessBase"]
[SourceDate "2010.07.02"]
[SourceVersion "2"]
[SourceVersionDate "2010.07.15"]
[SourceQuality "1"]

1. c4 Nf6 2. d4 g6 3. Nc3 Bg7 4. e4 d6 5. f4 0-0 6. Nf3 c5 7. d5 Na6 8. Be2 Nc7 9. 0-0 a6 10. Rb1 Bd7 11. Qc2 b5 12. b3 b4 13. Nd1 a5 14. Nf2 a4 15. Bb2 axb3 16. axb3 Ra2 17. h3 Nh5 18. Nd3 Ng3 19. Rf2 Nxe4 20. Rff1 Ng3 21. Rfe1 Bc3 22. Red1 Nf5 23. Kf2 Nd4 24. Nxd4 Bxd4+ 25. Kf3 e5 26. Qc1 e4+ 27. Kxe4 Re8+ 28. Kf3 Qh4 29. Bxd4 cxd4 30. Ne5 dxe5 31. g3 Qxh3 32. Rb2 e4+ 33. Kf2 e3+ 0-1

[Event "Ottawa Winter op"]
[Site "Ottawa"]
[Date "2010.01.24"]
[Round "5"]
[White "Eyre, Keven"]
[Black "Danilov, Alexander"]
[Result "0-1"]
[WhiteElo "1644"]
[BlackElo "1959"]
[PlyCount "116"]
[EventDate "2010.01.22"]
[EventType "swiss"]
[EventRounds "5"]
[EventCountry "CAN"]
[SourceTitle "EXT 2011"]
[Source "ChessBase"]
[SourceDate "2010.11.26"]
[SourceVersion "1"]
[SourceVersionDate "2010.11.26"]
[SourceQuality "1"]

1. e4 c5 2. Nc3 e6 3. g3 d5 4. exd5 exd5 5. Bg2 Nf6 6. d3 d4 7. Ne4 Nxe4 8. Bxe4 Nd7 9. Bg2 Be7 10. Nf3 0-0 11. 0-0 Nf6 12. c3 Bd6 13. cxd4 cxd4 14. Nxd4 Bxg3 15. hxg3 Qxd4 16. Qc2 Bf5 17. Be3 Qd7 18. Qd2 Rfd8 19. d4 Bh3 20. Bg5 Bxg2 21. Kxg2 Ne4 22. Qf4 Re8 23. f3 Nxg5 24. Qxg5 Qxd4 25. b3 Re2+ 26. Kh3 Rae8 27. Rad1 Qb6 28. Rd2 Qe6+ 29. g4 Re5 30. Qf4 g5 31. Qd4 Qh6+ 32. Kg2 Qa6 33. a4 Qc6 34. Qd3 Qe6 35. Rff2 Re3 36. Qd6 Qxd6 37. Rxd6 Rxb3 38. Rd7 Ree3 39. Rd5 h6 40. Rd7 Kg7 41. Rd6 Rec3 42. Rd5 Rb4 43. a5 Ra3 44. Re2 Rb1 45. Kf2 Rba1 46. Ree5 R3a2+ 47. Ke3 Re1+ 48. Kd4 Ra4+ 49. Kc3 Ra3+ 50. Kb2 Rxe5 51. Rxe5 Rxf3 52. Re7 Rf4 53. Rxb7 Rxg4 54. Rxa7 h5 55. a6 h4 56. Ra8 h3 57. a7 Ra4 58. Kb3 Ra1 0-1

[Event "Kimry-ch"]
[Site "Kimry"]
[Date "2010.01.06"]
[Round "8"]
[White "Danilov, Alexander"]
[Black "Volkov, Nikita"]
[Result "0-1"]
[WhiteElo "1906"]
[BlackElo "2081"]
[PlyCount "60"]
[EventDate "2010.01.02"]
[EventType "swiss"]
[EventRounds "9"]
[EventCountry "RUS"]
[SourceTitle "CBM 134 Extra"]
[Source "ChessBase"]
[SourceDate "2010.03.03"]
[SourceVersion "1"]
[SourceVersionDate "2010.03.03"]
[SourceQuality "1"]

1. e4 e5 2. Nf3 Nc6 3. Bb5 a6 4. Ba4 Nf6 5. 0-0 b5 6. Bb3 Be7 7. c3 0-0 8. Re1 Na5 9. Bc2 d6 10. d4 Bg4 11. b3 c5 12. dxe5 Bxf3 13. Qxf3 dxe5 14. Rd1 Qc7 15. Be3 Rfd8 16. Nd2 Rac8 17. Nf1 b4 18. Bg5 h6 19. Bd2 Nc6 20. Qg3 Nh5 21. Qh3 Nf4 22. Qf3 bxc3 23. Bxc3 Nd4 24. Bxd4 cxd4 25. g3 Nh3+ 26. Kg2 Ng5 27. Qe2 Qxc2 28. Nd2 Bb4 29. f4 Bxd2 30. fxg5 Bxg5 0-1

[Event "Kimry-ch"]
[Site "Kimry"]
[Date "2010.01.05"]
[Round "6"]
[White "Bik Mukhamedov, Mikhail"]
[Black "Danilov, Alexander"]
[Result "1-0"]
[WhiteElo "1910"]
[BlackElo "1906"]
[PlyCount "26"]
[EventDate "2010.01.02"]
[EventType "swiss"]
[EventRounds "9"]
[EventCountry "RUS"]
[SourceTitle "CBM 134 Extra"]
[Source "ChessBase"]
[SourceDate "2010.03.03"]
[SourceVersion "1"]
[SourceVersionDate "2010.03.03"]
[SourceQuality "1"]

1. e4 e5 2. Nf3 Nc6 3. d4 exd4 4. Nxd4 Ne5 5. Bf4 f6 6. Bxe5 Qe7 7. Bf4 Qb4+ 8. Nc3 c5 9. Nb3 c4 10. a3 Qe7 11. Bxc4 g5 12. Bg3 Bg7 13. 0-0 Nh6 1-0

[Event "Kimry-ch"]
[Site "Kimry"]
[Date "2010.01.05"]
[Round "7"]
[White "Doronine, Vladimir"]
[Black "Danilov, Alexander"]
[Result "0-1"]
[WhiteElo "1918"]
[BlackElo "1906"]
[PlyCount "112"]
[EventDate "2010.01.02"]
[EventType "swiss"]
[EventRounds "9"]
[EventCountry "RUS"]
[SourceTitle "CBM 134 Extra"]
[Source "ChessBase"]
[SourceDate "2010.03.03"]
[SourceVersion "1"]
[SourceVersionDate "2010.03.03"]
[SourceQuality "1"]

1. Nf3 d5 2. g3 Nf6 3. Bg2 c6 4. d4 g6 5. Bf4 Bg7 6. Qd2 Qb6 7. c3 Ne4 8. Qc1 Nd7 9. 0-0 Ndf6 10. b4 Bf5 11. a4 Nh5 12. Be3 0-0 13. a5 Qc7 14. Bh6 a6 15. h3 Nhxg3 16. fxg3 Nxg3 17. Rf2 Ne4 18. Bf4 Qd7 19. Ne5 Bxe5 20. Bxe5 Nxf2 21. Kxf2 Bxh3 22. Qh6 f6 23. Bxh3 fxe5+ 24. Ke1 Qd6 25. Nd2 e4 26. Nb3 Rf6 27. Nc5 Raf8 28. Nxb7 Qg3+ 29. Kd2 g5 30. Qh5 Rf4 31. Be6+ Kg7 32. Rh1 Rh4 33. Rxh4 Qxh4 34. Qxh4 gxh4 35. Nc5 Kf6 36. Bh3 Rg8 37. Nxa6 e6 38. Nc5 e3+ 39. Kd3 e5 40. Nd7+ Ke7 41. Nxe5 Kd6 42. c4 Rg3 43. c5+ Kc7 44. Bf5 h3 45. Bxh3 Rxh3 46. a6 Rg3 47. Nf7 h5 48. Nd6 Rg4 49. b5 h4 50. b6+ Kb8 51. Ne8 Rg8 52. a7+ Kb7 53. Nc7 h3 54. a8Q+ Rxa8 55. Nxa8 Kxa8 56. Kxe3 h2 0-1